[Event "Unterfranken-ch HA 53th"]
[Site "Wuerzburg"]
[Date "2002.??.??"]
[Round "?"]
[White "Herrmann, Stefan"]
[Black "Suess, Mirco"]
[Result "1/2-1/2"]
[WhiteElo "1756"]
[BlackElo "1781"]
[PlyCount "57"]
[EventDate "2002.04.01"]
[EventType "swiss"]
[EventRounds "9"]
[EventCountry "GER"]
[SourceTitle "EXT 2015"]
[Source "ChessBase"]
[SourceDate "2014.11.20"]
[SourceVersion "1"]
[SourceVersionDate "2014.11.20"]
[SourceQuality "1"]

1. e4 e6 2. d4 d5 3. Nc3 Bb4 4. e5 Qd7 5. a3 Bxc3+ 6. bxc3 b6 7. a4 Ba6 8. Bxa6 Nxa6 9. Nf3 c5 10. Qe2 Nb8 11. 0-0 Nc6 12. Be3 cxd4 13. cxd4 Na5 14. Rfc1 Rc8 15. Qb5 Ne7 16. Bd2 Nec6 17. Bxa5 Nxa5 18. Ng5 Qxb5 19. axb5 Rc3 20. Kf1 Ke7 21. Ke1 Rhc8 22. Kd1 f6 23. Nf3 R8c4 24. Kd2 Rxf3 25. gxf3 Rxd4+ 26. Ke2 fxe5 27. Rg1 g6 28. Rg4 Rf4 29. Rxf4 1/2-1/2

[Event "Unterfranken-ch HA 53th"]
[Site "Wuerzburg"]
[Date "2002.??.??"]
[Round "?"]
[White "Hofmann, Andreas"]
[Black "Herrmann, Stefan"]
[Result "0-1"]
[WhiteElo "1596"]
[BlackElo "1756"]
[PlyCount "86"]
[EventDate "2002.04.01"]
[EventType "swiss"]
[EventRounds "9"]
[EventCountry "GER"]
[SourceTitle "EXT 2015"]
[Source "ChessBase"]
[SourceDate "2014.11.20"]
[SourceVersion "1"]
[SourceVersionDate "2014.11.20"]
[SourceQuality "1"]

1. e4 c5 2. f4 d6 3. Nf3 Nc6 4. Bb5 Bd7 5. Nc3 a6 6. Bxc6 Bxc6 7. d3 b5 8. a3 g6 9. Be3 Bg7 10. Qd2 Nf6 11. 0-0 0-0 12. Rab1 Ng4 13. Ne2 Qc7 14. h3 Nxe3 15. Qxe3 a5 16. c3 Rfb8 17. d4 Qb6 18. d5 Bd7 19. Kh2 b4 20. Nd2 Qc7 21. c4 bxa3 22. bxa3 Rxb1 23. Rxb1 Rb8 24. Nc3 Rxb1 25. Ncxb1 Qb6 26. Qb3 Qxb3 27. Nxb3 a4 28. Na5 Kf8 29. g4 f5 30. exf5 gxf5 31. g5 e5 32. dxe6 Bxe6 33. Kg3 Ke7 34. Kf3 Kd7 35. Ke3 Kc7 36. Kd3 Kb6 37. Nc3 Bxc3 38. Kxc3 Kxa5 39. h4 Bf7 40. Kd3 Kb6 41. Kc3 Kc6 42. Kd3 d5 43. cxd5+ Kxd5 0-1

[Event "Unterfranken-ch H2 46th"]
[Site "Karlburg"]
[Date "1995.??.??"]
[Round "?"]
[White "Herrmann, Stefan"]
[Black "Kliche, Alexander"]
[Result "0-1"]
[WhiteElo "1740"]
[BlackElo "1786"]
[PlyCount "83"]
[EventDate "1995.04.17"]
[EventType "swiss"]
[EventRounds "9"]
[EventCountry "GER"]
[SourceTitle "EXT 2015"]
[Source "ChessBase"]
[SourceDate "2014.11.20"]
[SourceVersion "1"]
[SourceVersionDate "2014.11.20"]
[SourceQuality "1"]

1. e4 c5 2. Nf3 d6 3. d4 cxd4 4. Nxd4 Nf6 5. Nc3 g6 6. Be2 Bg7 7. f4 0-0 8. g4 Nxg4 9. Bxg4 Bxg4 10. Qxg4 Bxd4 11. f5 Qc8 12. Bd2 Nc6 13. 0-0-0 Ne5 14. Qg3 Qc5 15. Nd5 e6 16. Ne7+ Kg7 17. f6+ Kh8 18. Bh6 Rg8 19. Nxg8 Kxg8 20. c3 Bf2 21. Qh3 b5 22. Bf4 Nd7 23. Rxd6 Nxf6 24. Rhd1 Nxe4 25. Rd8+ Rxd8 26. Rxd8+ Kg7 27. Bh6+ Kf6 28. Rd3 Ke7 29. Qg2 Qc4 30. Rf3 Qe2 31. Bg5+ Ke8 32. Rxf2 Qxf2 33. Qxe4 Qg1+ 34. Kc2 Qxg5 35. Qa8+ Ke7 36. Qxa7+ Kf6 37. Kb3 Qd5+ 38. Ka3 e5 39. Qf2+ Kg7 40. b4 e4 41. Kb2 h5 42. Qd4+ 0-1